000 00490nam a22001697a 4500
005 20251108171911.0
008 250721s2002 xx 000 0 ara d
082 1 4 _a617.7/صلا
100 1 _aالصلال، عايدة
245 1 0 _aحول أمراض العيون و جمالها /
264 1 _aبيروت :
_bالمكتبة الثقافية،
_c2002.
300 _a127ص
490 0 _aأسئلة حائرة
650 1 7 _aأمراض العين
942 _2ddc
_cBK
999 _c65505
_d65505